| 000 | 00658nam a22001937a 4500 | ||
|---|---|---|---|
| 003 | OSt | ||
| 005 | 20151019134801.0 | ||
| 008 | 130402s2011 sp ||||| |||| 00| 0 cat d | ||
| 020 | _a9788484126362 | ||
| 040 | _cCDMR | ||
| 100 | 1 |
_93060 _aMartí, Ricard |
|
| 245 | 1 | 4 |
_aLes revistes de la guerra _b: publicacions periòdiques il·lustrades sobre la guerra civil a Catalunya (1936-1939) _cRicard Martí, Manuel Ortega |
| 260 |
_aBarcelona _bSalvatella _c2011 |
||
| 300 |
_a159 p. _bil. col. |
||
| 650 | 0 | 4 |
_92769 _aRevistes _xHistòria _zCatalunya |
| 650 | 0 | 4 |
_93196 _aEspanya _xHistòria _y1936-1939, Guerra Civil |
| 700 | 1 |
_93061 _aOrtega, Manuel |
|
| 942 |
_2udc _cMON |
||
| 999 |
_c6044 _d6044 |
||